Top 15 CSGO Team Rosters - Statistics

General Stats
  • This quiz has been taken 1,060 times
  • The average score is 39 of 74
Answer Stats
Hint Answer % Correct
Fnatic JW
93%
Envyus KennyS
89%
Fnatic Olofmeister
88%
Luminosity coldzera
85%
Luminosity Fallen
85%
Fnatic Flusha
85%
NIP Get Right
84%
Fnatic Krimz
83%
Liquid s1mple
82%
Virtus Pro Pasha
80%
Luminosity TACO
80%
NIP forest
79%
Navi Guardian
79%
Astralis device
77%
Luminosity fer
76%
Virtus Pro Snax
74%
Navi Zeus
72%
Astralis Karrigan
71%
Mousesports NiKo
71%
G2 shox
71%
Virtus Pro NEO
70%
Virtus Pro TaZ
70%
Navi Edward
68%
Astralis dupreeh
67%
Luminosity fnx
67%
Cloud9 Stewie2k
67%
Navi flamie
65%
Virtus Pro byali
64%
Liquid Hiko
64%
NIP friberg
63%
Envyus Happy
62%
Envyus NBK
62%
G2 Scream
62%
Cloud9 shroud
62%
FaZe rain
61%
Astralis Xyp9x
61%
Envyus apeX
59%
Fnatic Dennis
58%
CLG tarik
57%
Liquid EliGe
56%
Cloud9 Skadoodle
56%
NIP Xizt
56%
Navi seized
54%
G2 RpK
49%
Cloud9 n0thing
48%
Mousesports chrisJ
46%
FaZe kioShiMa
45%
Astralis kjaerbye
45%
Liquid Nitr0
45%
Immortals hen1
40%
Optic RUSH
37%
Immortals boltz
36%
Immortals lucas
34%
NIP pyth
34%
G2 SmithZz
34%
G2 Bodyy
30%
Envyus Devil
30%
Mousesports denis
29%
FaZe fox
28%
FaZe aizy
24%
CLG jdm64
24%
Immortals felps
23%
Optic mixwell
22%
Liquid Koosta
21%
Mousesports nex
21%
FaZe jkaem
20%
Optic stanislaw
19%
Mousesports spiidi
18%
Optic NAF-FLY
16%
CLG hazed
14%
CLG reltuC
13%
Optic daps
12%
Cloud9 Slemmy
12%
Immortals SHOOWTiMe
5%
No matching quizzes found
Score Distribution
Percent of People with Each Score
Percentile by Number Answered
Your Score History
You have not taken this quiz